[Event "Vaujany 2022 Principal"]
[Site "Vaujany"]
[Date "2022.07.19"]
[Round "6.5"]
[White "Celik, Hassan"]
[Black "Di Nicolantonio, Lucas"]
[Result "1/2-1/2"]
[WhiteElo "2363"]
[BlackElo "2369"]
[Annotator "promoechecs"]
[PlyCount "52"]
[EventDate "2022.07.14"]
[EventType "swiss"]
[EventRounds "9"]
[EventCountry "FRA"]
[SourceVersionDate "2022.07.14"]

1. e4 c6 2. d4 d5 3. Nd2 dxe4 4. Nxe4 Nf6 5. Nxf6+ exf6 6. c3 Bd6 7. Bd3 O-O 8.
Qc2 Re8+ 9. Ne2 h5 10. O-O h4 11. h3 Nd7 12. Bd2 Nf8 13. Rae1 g6 14. Kh1 Bc7
15. Ng1 Be6 16. Nf3 Qd7 17. Re3 g5 18. Rfe1 Kg7 19. c4 Ng6 20. Bc3 Bxh3 21.
Bxg6 Bxg2+ 22. Kxg2 Qg4+ 23. Kf1 Qh3+ 24. Kg1 (24. Ke2 Rxe3+ 25. fxe3 Qg2+ 26.
Kd3 Qxc2+ 27. Kxc2 Kxg6 $13) 24... Qg4+ 25. Kf1 Qh3+ 26. Kg1 Qg4+ 1/2-1/2

[Event "Vaujany 2022 Principal"]
[Site "?"]
[Date "2022.07.19"]
[Round "6.6"]
[White "Bournel, Antoine"]
[Black "Hamdouchi, Hicham"]
[Result "0-1"]
[WhiteElo "2324"]
[BlackElo "2536"]
[PlyCount "184"]
[SourceVersionDate "2022.07.14"]

1. d4 Nf6 2. c4 d6 3. Nf3 Nbd7 4. Nc3 e5 5. e4 g6 6. Be2 Bg7 7. O-O O-O 8. Be3
h6 9. dxe5 dxe5 10. b4 c6 11. Qc2 Qe7 12. Rab1 Ne8 13. Rfd1 Nc7 14. b5 cxb5 15.
cxb5 Nf6 16. b6 axb6 17. Rxb6 Ng4 18. Qc1 Ra5 19. Rb2 Nxe3 20. Qxe3 Qa3 21. Rb3
Qc5 22. Qd2 Qa7 23. h3 Be6 24. Rb2 Rc5 25. Qe3 Qa3 26. Na4 Qxe3 27. fxe3 Rc6
28. Rxb7 Ra8 29. Rb4 Bf8 30. Rb6 Rc2 31. Bd3 Rxa2 32. Nc3 Bc5 33. Rc6 Bxe3+ 34.
Kh1 R2a7 35. Nxe5 Bf4 36. Nc4 Ra1 37. Bb1 Bxc4 38. Rxc4 Be5 39. Bc2 Ne6 40.
Rxa1 Rxa1+ 41. Nb1 Nd4 42. Bd3 Ne2 43. Rb4 Nf4 44. Bc4 Ra7 45. Rb5 Re7 46. Nd2
Bc3 47. Nb1 Bd4 48. Kh2 Rxe4 49. Nd2 Re7 50. Nf3 Bf6 51. Kg3 Ne2+ 52. Bxe2 Rxe2
53. Rd5 Kg7 54. Nd4 Re5 55. Rd7 Re4 56. Nf3 Be7 57. Rd4 Re6 58. Rd1 Bb4 59. Kf2
Bc5+ 60. Kf1 Ra6 61. Rc1 Bd6 62. Rc2 Bg3 63. Rb2 g5 64. Ke2 Re6+ 65. Kd3 Rd6+
66. Ke2 Kg6 67. Rb5 Re6+ 68. Kd3 Bf4 69. Rb2 Re3+ 70. Kd4 f6 71. Rc2 h5 72. Ng1
Re1 73. Ne2 Rd1+ 74. Kc4 Be5 75. Nc1 Rd4+ 76. Kc5 g4 77. hxg4 hxg4 78. Nb3 Rd8
79. Na5 Kg5 80. Nc6 Rd1 81. Kc4 Kh4 82. Ne7 Kg3 83. Nf5+ Kh2 84. Re2 g3 85. Kb3
Rf1 86. Nh4 Rf4 87. Ng6 Rf2 88. Re1 Kxg2 89. Kc4 Kh3 90. Kd3 g2 91. Re3+ Bg3
92. Re1 Rf1 0-1

[Event "Vaujany 2022 Principal"]
[Site "Vaujany"]
[Date "2022.07.19"]
[Round "6.7"]
[White "Sengupta, Deep"]
[Black "Migot, Tangi"]
[Result "1/2-1/2"]
[WhiteElo "2534"]
[BlackElo "2353"]
[PlyCount "124"]
[EventDate "2022.07.14"]
[EventType "swiss"]
[EventRounds "9"]
[EventCountry "FRA"]
[SourceVersionDate "2022.07.14"]

1. e4 c5 2. Nf3 e6 3. c3 Nf6 4. e5 Nd5 5. Bc4 d6 6. d4 cxd4 7. cxd4 Be7 8. O-O
O-O 9. Nc3 Nxc3 10. bxc3 Qc7 11. Qe2 Nd7 12. Bf4 dxe5 13. dxe5 b6 14. Nd4 Bb7
15. Rfd1 Nc5 16. Qg4 Rfd8 17. h4 a6 18. h5 b5 19. Bf1 Bd5 20. Re1 Kh8 21. Re3
Na4 22. Rc1 Bc4 23. h6 g5 24. Nf3 f5 25. exf6 Qxf4 26. Qxf4 gxf4 27. fxe7 fxe3
28. exd8=Q+ Rxd8 29. Bxc4 exf2+ 30. Kxf2 bxc4 31. Re1 Nc5 32. Kg1 Kg8 33. Ng5
Rd5 34. Nxe6 Nxe6 35. Rxe6 Rd3 36. Rxa6 Kf7 37. Kf2 Rxc3 38. g4 Rd3 39. g5 Rd5
40. Ra7+ Kg6 41. Rg7+ Kh5 42. Rxh7 Kxg5 43. Ke3 c3 44. Rg7+ Kxh6 45. Rg2 Rd8
46. a4 Ra8 47. Ra2 Kg6 48. Kd3 Kf6 49. Kxc3 Ke6 50. Kb4 Kd6 51. Rc2 Rb8+ 52.
Ka3 Ra8 53. Rc4 Kd5 54. Rc3 Kd6 55. Rc1 Kd5 56. Rc7 Kd6 57. Rc4 Kd5 58. Kb3
Rb8+ 59. Kc3 Ra8 60. Kb3 Rb8+ 61. Rb4 Rxb4+ 62. Kxb4 Kc6 1/2-1/2

[Event "Vaujany 2022 Principal"]
[Site "?"]
[Date "2022.07.19"]
[Round "6.8"]
[White "Le Goff, Ronan"]
[Black "Degraeve, jean-Marc"]
[Result "1/2-1/2"]
[WhiteElo "2309"]
[BlackElo "2519"]
[PlyCount "77"]
[SourceVersionDate "2022.07.14"]

1. d4 Nf6 2. Nf3 g6 3. g3 Bg7 4. Bg2 O-O 5. O-O d6 6. b3 c5 7. Bb2 Ne4 8. Nbd2
Nxd2 9. Qxd2 Nc6 10. c4 cxd4 11. Nxd4 Bd7 12. Rfd1 Qb6 13. Rac1 Rfc8 14. Nxc6
Bxc6 15. Bxg7 Kxg7 16. Qc3+ Kg8 17. c5 dxc5 18. Qxc5 Qa6 19. Bxc6 Qxa2 20. Ra1
Qb2 21. Qxe7 bxc6 22. Rxa7 Qxb3 23. Rad7 Re8 24. Qf6 c5 25. h4 h5 26. R1d5 Rf8
27. Kh2 Rae8 28. Rxf7 Rxf7 29. Qxg6+ Kf8 30. Qh6+ Rg7 31. Qh8+ Kf7 32. Rd7+ Re7
33. Qxh5+ Ke6 34. Rd3 Qc4 35. Qh6+ Kf7 36. Qh5+ Ke6 37. Qh6+ Kf7 38. Qh5+ Ke6
39. Qh6+ 1/2-1/2

[Event "Vaujany 2022 Principal"]
[Site "?"]
[Date "2022.07.19"]
[Round "6.9"]
[White "Das, Arghyadip"]
[Black "Piceu, Tom"]
[Result "0-1"]
[WhiteElo "2474"]
[BlackElo "2320"]
[PlyCount "134"]
[SourceVersionDate "2022.07.14"]

1. e4 c5 2. Nf3 d6 3. d4 cxd4 4. Nxd4 Nf6 5. Nc3 a6 6. Be3 e5 7. Nb3 Be7 8. f3
Be6 9. Qd2 O-O 10. O-O-O b5 11. g4 b4 12. Nd5 Bxd5 13. exd5 a5 14. Kb1 Qc7 15.
g5 Nfd7 16. h4 Nb6 17. Nc5 a4 18. Ne4 Rc8 19. Rc1 Nc4 20. Bxc4 Qxc4 21. Rhg1
Ra5 22. Rcd1 Nd7 23. Rg4 Qa6 24. Qd3 Qb7 25. c4 bxc3 26. Nxc3 a3 27. b3 Nc5 28.
Qc2 Na4 29. Rd3 Nb2 30. Rd2 Nc4 31. Rd3 Nxe3 32. Rxe3 Bd8 33. Ree4 Rac5 34. Rb4
Qxd5 35. Nxd5 Rxc2 36. Rgc4 R2xc4 37. Rxc4 Rxc4 38. bxc4 Ba5 39. h5 Bd2 40.
Ne7+ Kf8 41. Nf5 Bxg5 42. Nxd6 Be7 43. Nf5 g6 44. hxg6 fxg6 45. Nh6 Bc5 46. Kc2
Ke7 47. Kd3 Ke6 48. Ke4 Bd6 49. Ng4 h5 50. Nf2 h4 51. Nh3 Be7 52. f4 exf4 53.
Nxf4+ Kf7 54. Kf3 Bd6 55. Nd3 Ke6 56. Kg4 g5 57. Kxg5 h3 58. Kg4 h2 59. Nf2 Bc5
60. Nh1 Ke5 61. Kg3 Kd4 62. Kxh2 Kxc4 63. Kg2 Kc3 64. Ng3 Kb2 65. Nf1 Kxa2 66.
Nd2 Ka1 67. Ne4 Bb4 0-1

[Event "Vaujany 2022 Principal"]
[Site "Vaujany"]
[Date "2022.07.19"]
[Round "6.11"]
[White "Flear, Glenn C"]
[Black "Ongut, Tamas Gunes"]
[Result "1-0"]
[WhiteElo "2409"]
[BlackElo "2310"]
[Annotator "promoechecs"]
[PlyCount "93"]
[EventDate "2022.07.14"]
[EventType "swiss"]
[EventRounds "9"]
[EventCountry "FRA"]
[SourceVersionDate "2022.07.14"]

{[%evp 0,93,16,28,35,-23,44,44,33,37,37,38,52,34,31,33,37,43,52,2,2,24,82,58,
50,47,77,72,164,-11,18,42,42,42,7,7,9,-45,-13,-30,0,-63,-54,-90,-47,-79,-46,
-46,-31,-25,-35,-21,-26,-26,-25,-24,-16,-22,-12,-12,-30,-14,-19,-28,-2,0,0,13,
0,0,0,0,0,0,0,-20,69,106,45,36,30,58,58,37,30,28,33,33,30,144,152,197,190,226,
314,342]} 1. d4 Nf6 2. c4 g6 3. Nc3 Bg7 4. e4 d6 5. Be2 O-O 6. Bg5 c5 7. d5 h6
8. Be3 e6 9. dxe6 Bxe6 10. Qd2 Kh7 11. h3 Nc6 12. Nf3 Na5 13. b3 b5 14. e5 b4
15. Nb5 dxe5 16. Bxc5 Ne4 17. Qxd8 Rfxd8 18. Bxb4 Nc6 19. Ba3 Rd7 20. Bb2 a6
21. Nc3 Nc5 22. Nd5 e4 23. Bxg7 exf3 24. Bxf3 Kxg7 25. Nb6 Re8 26. Nxd7 Bxd7+
27. Kd2 Nd4 28. Rae1 Nxf3+ 29. gxf3 Rd8 30. Kc3 Bc6 31. Re3 a5 32. Rhe1 Ne6 33.
Rd3 Rxd3+ 34. Kxd3 Nf4+ 35. Kd4 Nxh3 36. Re5 Ng1 37. Rxa5 Bxf3 38. b4 h5 39.
Rg5 Ne2+ 40. Ke3 Kf6 41. Kxf3 Nd4+ 42. Ke4 Kxg5 43. Kxd4 h4 44. Ke3 Kg4 45. Ke2
h3 46. Kf1 Kf3 47. Kg1 1-0

[Event "Vaujany 2022 Principal"]
[Site "?"]
[Date "2022.07.19"]
[Round "6.12"]
[White "Schlupp, Olivier"]
[Black "Joie, Sebastien"]
[Result "0-1"]
[WhiteElo "2121"]
[BlackElo "2364"]
[PlyCount "94"]
[SourceVersionDate "2022.07.14"]

1. c4 c6 2. g3 d5 3. Nf3 Nf6 4. Bg2 dxc4 5. O-O Nbd7 6. Na3 Nb6 7. Qc2 g6 8.
Nxc4 Nxc4 9. Qxc4 Bg7 10. d3 O-O 11. Bd2 Nd5 12. Rab1 a5 13. b3 e5 14. a3 h6
15. Rfd1 Qe7 16. e4 Nc7 17. b4 a4 18. Qc1 Bg4 19. h3 Bxf3 20. Bxf3 {(=)} Nb5
21. Be3 Qe6 22. Bg2 Rfd8 23. Ra1 Kh7 24. Bf1 Rd7 25. Rd2 h5 26. Rc2 Bf8 27. Rc4
Bg7 28. Kh2 Qe7 29. Ra2 Qf8 30. Bc5 Bh6 31. f4 Qb8 32. Be3 h4 33. fxe5 hxg3+
34. Kxg3 Qxe5+ 35. Bf4 Bxf4+ 36. Qxf4 Qe6 37. Qg4 Rf8 38. h4 f5 39. Qf4 Rdf7
40. e5 Re7 41. d4 Nc7 42. Rh2 Nd5 43. Qg5 Ne3 44. Kf4 Nxf1 45. Rf2 Qxc4 46.
Qxe7+ Rf7 47. Qc5 Qd3 0-1

[Event "Vaujany 2022 Principal"]
[Site "?"]
[Date "2022.07.19"]
[Round "6.13"]
[White "Thill-Solente, Gabriel"]
[Black "Lamaze, Simon"]
[Result "0-1"]
[WhiteElo "1793"]
[BlackElo "2366"]
[PlyCount "114"]
[SourceVersionDate "2022.07.14"]

1. e4 c5 2. Nf3 Nc6 3. d4 cxd4 4. Nxd4 Nf6 5. Nc3 d6 6. Bg5 a6 7. Qd3 Bd7 8.
O-O-O e6 9. f4 h6 10. Bh4 g5 11. Nxc6 Bxc6 12. fxg5 Ng4 13. Be2 Ne5 14. Qd2 Be7
15. Bg3 Bxg5 16. Bf4 Ng6 17. Bxg5 Qxg5 18. Qxg5 hxg5 19. Rxd6 Ke7 20. Rd2 Rh6
21. h3 Ne5 22. Rf1 Rg8 23. b3 g4 24. Bxg4 Nxg4 25. hxg4 Rxg4 26. Re2 Rh2 27.
Rff2 Rh1+ 28. Kd2 b5 29. Kd3 b4 30. Nd5+ Bxd5 31. exd5 Rd1+ 32. Rd2 Rxd2+ 33.
Rxd2 exd5 34. c4 bxc3 35. Kxc3 Kd6 36. Rf2 Ke5 37. Rxf7 Rxg2 38. a3 Rg3+ 39.
Kc2 Kd4 40. Rf2 Rc3+ 41. Kb2 Rc6 42. Rd2+ Ke4 43. b4 d4 44. Kb3 Rc3+ 45. Ka4 d3
46. Rd1 Kd4 47. Rh1 d2 48. b5 axb5+ 49. Kb4 Rc1 50. Rh4+ Kd5 51. Rh5+ Kd6 52.
Rh6+ Kc7 53. Rh7+ Kb6 54. Rh6+ Rc6 55. Rh1 Rc4+ 56. Kb3 Rc1 57. Rh6+ Ka5 0-1

[Event "Vaujany 2022 Principal"]
[Site "?"]
[Date "2022.07.19"]
[Round "6.20"]
[White "Bat, Bilguun"]
[Black "Purenne, Benoit"]
[Result "1-0"]
[WhiteElo "2162"]
[BlackElo "2234"]
[PlyCount "55"]
[SourceVersionDate "2022.07.14"]

{[%evp 0,55,27,27,68,60,58,18,40,40,54,57,75,49,41,31,34,53,42,34,76,54,80,63,
79,107,80,73,102,80,91,65,157,147,147,147,138,142,189,210,196,211,206,154,189,
178,213,201,205,195,195,220,400,278,345,347,396,355]} 1. d4 g6 2. Nf3 Bg7 3. g3
d6 4. Bg2 Nd7 5. O-O e5 6. c4 Ne7 7. Nc3 O-O 8. dxe5 dxe5 9. Qc2 c6 10. Rb1 a5
11. b3 Nf5 12. Ba3 Re8 13. e3 Qb6 14. Na4 Qc7 15. Rbd1 Nf6 16. e4 Nd4 17. Nxd4
exd4 18. Bc5 Qe5 19. Bxd4 Qh5 20. f3 Be6 21. c5 Red8 22. Bc3 Nd7 23. Bxg7 Kxg7
24. Rd6 Re8 25. f4 Rad8 26. Rfd1 Bg4 27. R1d2 Rc8 28. Qc3+ 1-0

[Event "Vaujany 2022 Principal"]
[Site "?"]
[Date "2022.07.19"]
[Round "6.24"]
[White "Fodor, Balazs"]
[Black "Canivet, Arnaud"]
[Result "1-0"]
[WhiteElo "2166"]
[BlackElo "1935"]
[PlyCount "83"]
[SourceVersionDate "2022.07.14"]

1. d4 d5 2. Nf3 Nf6 3. g3 Bf5 4. Bg2 e6 5. c4 c6 6. Nc3 Nbd7 7. Nh4 Be4 8. f3
Bg6 9. Nxg6 hxg6 10. cxd5 Nxd5 11. e4 N5f6 12. O-O Qb6 13. e5 Nd5 14. f4 O-O-O
15. Nxd5 cxd5 16. Rf3 a6 17. a3 Qa7 18. Bf1 Nb6 19. b3 Kb8 20. Bb2 Be7 21. Bd3
Nd7 22. Qe2 Rc8 23. Rd1 Qb6 24. Bb1 Ka8 25. Kg2 Nb8 26. g4 Nc6 27. b4 Na7 28.
h3 Rc7 29. f5 exf5 30. gxf5 gxf5 31. Bxf5 Nb5 32. a4 Na7 33. b5 axb5 34. axb5
Qxb5 35. Bd3 Qd7 36. Ra1 Bb4 37. Bf5 Qe7 38. Bg4 f5 39. Rxf5 Rhc8 40. Rf2 Qg5
41. Qb5 Rc2 42. Rxa7+ 1-0

[Event "Vaujany 2022 Principal"]
[Site "?"]
[Date "2022.07.19"]
[Round "6.28"]
[White "Geher, Koppany"]
[Black "Maccagnan, Tomas"]
[Result "1-0"]
[WhiteElo "2271"]
[BlackElo "1985"]
[PlyCount "97"]
[SourceVersionDate "2022.07.14"]

1. e4 e6 2. d4 d5 3. Nd2 Nf6 4. e5 Nfd7 5. f4 c5 6. c3 Nc6 7. Ndf3 Qb6 8. g3 a5
9. Ne2 Be7 10. Bh3 a4 11. O-O cxd4 12. cxd4 a3 13. b3 Ndb8 14. Kh1 Bd7 15. Be3
Na6 16. Nc3 Nab4 17. Rf2 Na7 18. Rc1 Rc8 19. g4 h5 20. gxh5 Rxh5 21. Bf1 g6 22.
Qd2 Na6 23. Na4 Bxa4 24. Rxc8+ Nxc8 25. bxa4 Na7 26. Qc2 Kf8 27. Rg2 Rh3 28.
Qd1 Nc6 29. Rg4 Rh5 30. Bd3 Nab4 31. Bb1 Qa6 32. Bc1 Qc4 33. Rg2 Rh3 34. Rf2
Nxd4 35. Nxd4 Bc5 36. Rd2 Rc3 37. Ne2 Re3 38. Ng3 Rc3 39. Ne2 Re3 40. Ng3 Qxf4
41. Rg2 Qg4 42. Qxg4 Re1+ 43. Nf1 Rxc1 44. Qf3 Rxb1 45. Rxg6 Nxa2 46. Rf6 Ke8
47. Rxf7 Nc3 48. Rh7 Kd8 49. Qf6+ 1-0

[Event "Vaujany 2022 Principal"]
[Site "?"]
[Date "2022.07.19"]
[Round "6.29"]
[White "Bokorovics, Bertalan"]
[Black "Delmas-Goyon, Francois"]
[Result "1/2-1/2"]
[WhiteElo "2263"]
[BlackElo "1937"]
[PlyCount "90"]
[SourceVersionDate "2022.07.14"]

1. e4 c5 2. Nf3 e6 3. d4 cxd4 4. Nxd4 Nc6 5. Nc3 Qc7 6. g3 a6 7. Bg2 Nf6 8. O-O
Nxd4 9. Qxd4 Bc5 10. Bf4 d6 11. Qd2 h6 12. Rad1 e5 13. Be3 Be6 14. Bxc5 dxc5
15. Nd5 Bxd5 16. exd5 Qd6 17. f4 O-O 18. fxe5 Qxe5 19. d6 Qxb2 20. c4 Qxd2 21.
Rxd2 Rab8 22. a4 (22. Rb1 b5 23. cxb5 axb5 24. Rc2 Rfc8 25. Bh3 Rd8 26. Rxc5
Rxd6 27. a4 b4 28. Rc8+ Rxc8 29. Bxc8 Rb6 30. a5 Rb8 31. Bf5 Rb5 32. Bd3 Rxa5
33. Rxb4 g6 $15 {1/2 (58) Atlas,V (2468)-Horvath,J (2538) Austria 2000}) 22...
Rfd8 23. Rb1 b6 24. Bc6 Nd7 25. Re1 f6 26. Rde2 Ne5 27. Rxe5 fxe5 28. d7 Rf8
29. Rxe5 Rbd8 30. Re7 Rf6 31. Re8+ Rf8 32. Kg2 g6 33. Re7 Rf6 34. Re8+ Rf8 35.
Bd5+ Kg7 36. Re7+ Kf6 37. Re6+ Kg7 38. Re7+ Kf6 39. Re6+ Kg7 40. Rxb6 Rxd7 41.
Rxa6 Re7 42. g4 Re2+ 43. Kg3 g5 44. Ra7+ Kg6 45. Rc7 Re3+ 1/2-1/2

[Event "Vaujany 2022 Principal"]
[Site "Vaujany"]
[Date "2022.07.20"]
[Round "7.1"]
[White "Bauer, Christian"]
[Black "Barua, Dibyendu"]
[Result "1-0"]
[WhiteElo "2609"]
[BlackElo "2393"]
[PlyCount "81"]
[EventDate "2022.07.14"]
[EventType "swiss"]
[EventRounds "9"]
[EventCountry "FRA"]
[SourceVersionDate "2022.07.14"]

1. d4 Nf6 2. c4 e6 3. Nc3 d5 4. Bg5 Nbd7 5. cxd5 exd5 6. e3 c6 7. Bd3 g6 8. Nf3
Bg7 9. Qc2 Qa5 10. Rb1 c5 11. dxc5 Qxc5 12. b4 Qb6 13. O-O O-O 14. Rfd1 a6 15.
a3 Qc6 16. Rbc1 Nb6 17. Qb3 Qe6 18. Nd4 Qe5 19. Bf4 Qe7 20. Be2 Be6 21. a4 Rac8
22. a5 Nc4 23. h3 h6 24. Rc2 Rfd8 25. Nxe6 fxe6 26. e4 Kh7 27. Bg3 Bf8 28. exd5
exd5 29. Nxd5 Nxd5 30. Bxc4 Nf6 31. Rdc1 Kg7 32. Be6 Rxc2 33. Rxc2 Qxb4 34.
Rc7+ Kh8 35. Qxb4 Bxb4 36. Rxb7 Bxa5 37. Be5 Rf8 38. f4 Bd8 39. g4 g5 40. f5 a5
41. Kg2 1-0

[Event "Vaujany 2022 Principal"]
[Site "Vaujany"]
[Date "2022.07.20"]
[Round "7.2"]
[White "Can, Isik"]
[Black "Das, Sayantan"]
[Result "1-0"]
[WhiteElo "2445"]
[BlackElo "2449"]
[Annotator "promoechecs"]
[PlyCount "74"]
[EventDate "2022.07.14"]
[EventType "swiss"]
[EventRounds "9"]
[EventCountry "FRA"]
[SourceVersionDate "2022.07.14"]

{[%evp 0,74,16,28,46,51,44,42,24,50,92,40,34,34,37,41,44,11,44,11,36,43,28,19,
31,85,54,54,54,56,63,55,69,76,40,23,146,146,147,118,188,173,235,134,205,249,
292,204,191,137,106,70,25,68,68,70,189,75,31,-1,188,14,13,4,55,-44,18,12,90,
-102,9,0,0,0,74,74,210]} 1. e4 c5 2. Nf3 e6 3. d4 cxd4 4. Nxd4 a6 5. c4 Nf6 6.
Nc3 Qc7 7. Be2 Bb4 8. Nc2 Bd6 9. g4 h6 10. Be3 Be5 11. Qd2 O-O 12. f3 Nc6 13.
h4 Bg3+ 14. Kf1 Ne5 15. c5 Ng6 16. h5 Nf4 17. Rd1 b5 18. cxb6 Qb8 19. Bc5 d5
20. Bxf8 Kxf8 21. exd5 exd5 22. Qe3 Bd7 23. Nb4 Qd6 24. Nd3 Ne6 25. f4 Bxf4 26.
Nxf4 Nxf4 27. Qg3 Qe5 28. Bf3 Rb8 29. Qg1 Qe6 30. Rh2 Rxb6 31. Rhd2 Rb4 32. Qg3
Qe5 33. a3 Rc4 34. Ne2 Qg5 35. b3 Ne4 36. Qh2 Nxe2 37. Rxe2 Rc6 {suite
illisible, les noirs abandonnent après quelques coups} 1-0

[Event "Vaujany 2022 Principal"]
[Site "?"]
[Date "2022.07.20"]
[Round "7.3"]
[White "Hamdouchi, Hicham"]
[Black "Joie, Sebastien"]
[Result "1/2-1/2"]
[WhiteElo "2536"]
[BlackElo "2364"]
[PlyCount "70"]
[SourceVersionDate "2022.07.14"]

1. e4 c6 2. d4 d5 3. Nd2 dxe4 4. Nxe4 Nf6 5. Nxf6+ exf6 6. c3 Bd6 7. Bd3 O-O 8.
Qc2 Re8+ 9. Ne2 h5 10. O-O h4 11. h3 Nd7 12. Bd2 Nf8 13. Rae1 Bc7 14. f4 Qd6
15. c4 b6 16. b4 f5 17. Bxf5 Bxf5 18. Qxf5 a5 19. c5 Qd8 20. a3 axb4 21. Bxb4
Re3 22. Qg4 Qf6 23. Qg5 Qxg5 24. fxg5 Ne6 25. g6 fxg6 26. Nc3 Rxe1 27. Rxe1
Nxd4 28. Re7 Bd8 29. Rb7 bxc5 30. Bxc5 Ne6 31. Bd6 c5 32. Nb5 c4 33. Rb8 Rxb8
34. Bxb8 Ba5 35. Be5 Kf8 1/2-1/2

[Event "Vaujany 2022 Principal"]
[Site "Vaujany"]
[Date "2022.07.20"]
[Round "7.4"]
[White "Piceu, Tom"]
[Black "Bailet, Pierre"]
[Result "0-1"]
[WhiteElo "2320"]
[BlackElo "2508"]
[PlyCount "54"]
[EventDate "2022.07.14"]
[EventType "swiss"]
[EventRounds "9"]
[EventCountry "FRA"]
[SourceVersionDate "2022.07.14"]

{[%evp 0,54,26,5,28,32,50,52,40,40,40,41,45,36,38,25,-1,-18,-23,-30,13,-28,-13,
-20,37,28,28,15,47,30,60,13,63,-14,52,-9,28,25,23,-24,-30,-48,-36,-64,-44,-134,
-146,-321,-239,-283,-307,-333,-345,-339,-332,-407,-407]} 1. d4 Nf6 2. Nf3 g6 3.
Bf4 Bg7 4. e3 O-O 5. Be2 d6 6. h3 Nc6 7. O-O e5 8. Bh2 Ne4 9. c3 f5 10. Nbd2
Nxd2 11. Nxd2 Qe7 12. Qb3+ Kh8 13. Rfe1 Nd8 14. a4 Nf7 15. a5 a6 16. Qa3 g5 17.
Bf1 g4 18. hxg4 fxg4 19. Ne4 Bf5 20. Ng3 Bg6 21. Qb3 Rab8 22. c4 Ng5 23. Ra4
exd4 24. Rb4 Qf6 25. Re2 Rbe8 26. Rxb7 dxe3 27. Rxc7 Ne6 0-1

[Event "Vaujany 2022 Principal"]
[Site "Vaujany"]
[Date "2022.07.20"]
[Round "7.5"]
[White "Dudognon, T.."]
[Black "Flear, G.."]
[Result "0-1"]
[WhiteElo "2302"]
[BlackElo "2409"]
[PlyCount "118"]
[EventDate "2022.07.14"]
[EventType "swiss"]
[EventRounds "9"]
[EventCountry "FRA"]
[SourceVersionDate "2022.07.14"]

1. e4 e5 2. Nf3 Nc6 3. Nc3 Nf6 4. d4 exd4 5. Nxd4 Bb4 6. Nxc6 bxc6 7. Bd3 O-O
8. O-O Re8 9. Bg5 Qe7 10. Re1 h6 11. Bh4 d6 12. f4 Bc5+ 13. Kh1 Ng4 14. Qxg4
Bxg4 15. Bxe7 Rxe7 16. f5 Rae8 17. Rf1 f6 18. Bc4+ Kf8 19. Be6 Bh5 20. e5 dxe5
21. Ne4 Bb6 22. a4 a5 23. h3 Rd8 24. g4 Bf7 25. Bxf7 Kxf7 26. Rad1 Rd4 27. Rxd4
exd4 28. Re1 Bc5 29. Kg2 Bb4 30. Re2 c5 31. b3 Rd7 32. Nf2 Rd6 33. Nd3 c4 34.
bxc4 Rc6 35. c5 Bxc5 36. Nf4 Bd6 37. Ng6 Rc4 38. Kf3 Rxa4 39. Nh8+ Kf8 40. Ng6+
Kf7 41. Nh8+ Kf8 42. Ng6+ Kg8 43. Ke4 Rb4 44. Kd5 Rb8 45. Kxd4 a4 46. c4 a3 47.
c5 Be5+ 48. Nxe5 fxe5+ 49. Kd5 Ra8 50. Ra2 Ra5 51. Kc4 e4 52. Kb4 Ra8 53. Kc3
Kf7 54. Kc2 Kf6 55. Kb1 e3 56. h4 Ke5 57. Re2 a2+ 58. Ka1 Ra3 59. c6 Kf4 0-1

[Event "Vaujany 2022 Principal"]
[Site "?"]
[Date "2022.07.20"]
[Round "7.6"]
[White "Degraeve, Remy"]
[Black "Celik, Hasan Huseyin"]
[Result "1/2-1/2"]
[WhiteElo "2403"]
[BlackElo "2363"]
[PlyCount "99"]
[SourceVersionDate "2022.07.14"]

1. e4 e6 2. d4 d5 3. Nc3 Bb4 4. e5 c5 5. a3 Bxc3+ 6. bxc3 Qc7 7. Qg4 Ne7 8. Bd3
cxd4 9. Ne2 dxc3 10. Qxg7 Rg8 11. Qxh7 Qxe5 12. h4 Nd7 13. Bf4 Qf6 14. Bg5 Qh8
15. Qxh8 Rxh8 16. Nxc3 a6 17. O-O-O b5 18. h5 f6 19. Be3 Bb7 20. f4 Kf7 21. g4
Rac8 22. Ne2 d4 23. Rh3 dxe3 24. Bg6+ Kf8 25. Rxd7 Bc6 26. Ra7 Nxg6 27. Rxe3
Nh4 28. Rxe6 Bf3 29. Rxf6+ Kg8 30. Nd4 Bxg4 31. Nc6 Rh7 32. Ne7+ Rxe7 33. Rxe7
Bxh5 34. Rd6 Bg6 35. Re2 Kf7 36. Kb2 Nf3 37. Rb6 Rc5 38. c3 Rd5 39. Ree6 Bd3
40. Rec6 Rd7 41. Rh6 Nd2 42. Rbf6+ Kg7 43. Re6 Bf5 44. Rxa6 Bd3 45. Rh2 Nc4+
46. Kb3 Ne3 47. Ra8 Bc4+ 48. Kb4 Nd5+ 49. Kc5 Nxc3 50. a4 1/2-1/2

[Event "Vaujany 2022 Principal"]
[Site "Vaujany"]
[Date "2022.07.20"]
[Round "7.7"]
[White "Decuigniere, Tom"]
[Black "Sengupta, Deep"]
[Result "0-1"]
[WhiteElo "2365"]
[BlackElo "2534"]
[PlyCount "60"]
[EventDate "2022.07.14"]
[EventType "swiss"]
[EventRounds "9"]
[EventCountry "FRA"]
[SourceVersionDate "2022.07.14"]

{[%evp 0,60,26,16,93,57,55,58,46,52,72,37,16,22,15,-9,0,1,14,-14,-29,-3,31,-5,
35,-5,88,88,151,51,167,-3,-3,-16,-25,-20,8,-10,-24,-67,-88,-90,-68,-85,-92,-92,
-106,-103,-132,-685,-90,-88,8,-205,-219,-269,-269,-272,-270,-270,-202,-299,
-299]} 1. d4 g6 2. c4 Bg7 3. Nf3 c5 4. d5 f5 5. h4 Nf6 6. Nc3 d6 7. e3 Na6 8.
Bd3 e5 9. dxe6 Bxe6 10. Ng5 Bg8 11. e4 h6 12. Nf3 Qd7 13. exf5 O-O-O 14. O-O
Nb4 15. Bf4 Nxd3 16. Qxd3 Qxf5 17. Qxf5+ gxf5 18. Rfd1 Ne4 19. Nb5 Bxc4 20.
Nxd6+ Nxd6 21. Bxd6 Be2 22. Rd5 Bxf3 23. gxf3 b6 24. b3 h5 25. Re1 Rd7 26. Re6
Rhd8 27. Rxf5 Rxd6 28. Rxd6 Rxd6 29. Rxh5 Rh6 30. Rf5 Bf6 0-1

[Event "Vaujany 2022 Principal"]
[Site "Vaujany"]
[Date "2022.07.20"]
[Round "7.8"]
[White "Degraeve, Jean Marc"]
[Black "Migot, Tangi"]
[Result "1-0"]
[WhiteElo "2519"]
[BlackElo "2353"]
[PlyCount "79"]
[EventDate "2022.07.14"]
[EventType "swiss"]
[EventRounds "9"]
[EventCountry "FRA"]
[SourceVersionDate "2022.07.14"]

{[%evp 0,65,26,28,32,0,36,36,30,31,31,34,49,27,68,20,31,16,27,27,51,27,54,54,
44,38,61,29,32,20,54,41,55,12,23,37,27,39,55,38,70,70,61,64,61,48,143,143,143,
143,143,152,143,125,105,107,111,130,130,147,142,142,191,197,204,188,226,239]} 
1. d4 d5 2. c4 c6 3. Nc3 Nf6 4. cxd5 cxd5 5. Bf4 Nc6 6. e3 a6 7. Be2 Bf5 8. Nf3
Nh5 9. Be5 e6 10. Qb3 Ra7 11. h3 Nf6 12. O-O Be7 13. Bh2 O-O 14. Rfc1 Na5 15.
Qd1 b5 16. a4 b4 17. Nb1 b3 18. Bd3 Be4 19. Ne5 Qb6 20. Nd2 Bxd3 21. Nxd3 Nd7
22. Rc3 Rb7 23. Rac1 Bd6 24. Bxd6 Qxd6 25. Nxb3 Nc4 26. Nbc5 Nxc5 27. dxc5 Qc7
28. b3 Na5 29. b4 Nc4 30. e4 dxe4 31. Rxc4 exd3 32. Qxd3 Rd8 33. Rd4 Rd5 34.
Rxd5 exd5 35. b5 axb5 36. axb5 Qf4 37. Rd1 g6 38. c6 Rb6 39. Qxd5 Kg7 40. Qc5
1-0